Statistiche per inno d'Italia

Clicka qui per fare il quiz!

Statistiche generali

  • Questo quiz è stato fatto 72 volte
  • Il punteggio medio è 129 su 214

Statistiche sulle risposte

Parole% Corretto
d'
100%
I
100%
Italia
100%
italia
100%
L'
100%
l'
100%
desta
98%
Fratelli
98%
la
98%
s'è
98%
S'è
98%
Di
96%
di
96%
è
96%
chi
94%
ci
94%
Roma
94%
che
92%
Che
92%
chioma
92%
Dov'è
92%
porga
92%
testa
92%
Vittoria
92%
creò
91%
schiava
91%
a
89%
cinta
89%
del
89%
elmo
89%
Scipio
89%
morte
87%
Si
85%
Le
83%
le
83%
alla
81%
pronti
81%
chiamò
79%
Siam
79%
siam
79%
Iddio
77%
coorte
74%
Dell'
74%
Stringiamoci
68%
cor
45%
da
36%
Noi
34%
per
34%
il
32%
Il
32%
Dio
30%
secoli
30%
Ma
28%
non
28%
popolo
28%
un'
28%
derisi
26%
Perchè
26%
Balilla
25%
Calpesti
25%
divisi
25%
Bandiera
23%
siamo
23%
Alpi
21%
Austria
21%
Dall'
21%
Ha
21%
ha
21%
unica
21%
bimbi
19%
chiaman
19%
col
19%
Ferruccio
19%
Già
19%
insieme
19%
ora
19%
Sicilia
19%
Son
19%
core
17%
Dovunque
17%
giunchi
17%
Legnano
17%
mano
17%
speme
17%
suon
17%
suonò
17%
una
17%
Vespri
17%
Aquila
15%
Ogn'
15%
ogni
15%
penne
15%
piegano
15%
Polacco
15%
sangue
15%
spade
15%
squilla
15%
Uniamoci
15%
Uniti
15%
uom
15%
vendute
15%
Amore
13%
fonderci
13%
perdute
13%
Raccolgaci
13%
Signore
13%
Unione
13%
vie
13%
ai
11%
amiamoci
11%
Bevé
11%
bruciò
11%
far
11%
Popoli
11%
Rivelano
11%
vincer
11%
Giuriamo
9%
libero
9%
natio
9%
può?
9%
suolo
9%
colsacco
6%

Distribuzione punteggi

Percentile per numero di risposta

Percentuale di utenti per punteggio

I tuoi punteggi nel tempo

Non hai fatto questo quiz